[Event "CAN-ch University"]
[Site "London CAN"]
[Date "2017.01.14"]
[Round "3"]
[White "Marin, Sam"]
[Black "Lin, Tony (Juntao)"]
[Result "1/2-1/2"]
[WhiteElo "2155"]
[BlackElo "2255"]
[WhiteFideId "-1"]
[WhiteFideId "-1"]
[PlyCount "115"]
[GameId "2160767908478841"]
[EventDate "2017.01.14"]
[EventType "team"]
[EventRounds "5"]
[EventCountry "CAN"]

1. e4 e6 2. d4 d5 3. exd5 exd5 4. Nf3 Bd6 5. c4 Nf6 6. Nc3 O-O 7. cxd5 Nbd7 8. Be2 Nb6 9. Bg5 Be7 10. O-O Nbxd5 11. h3 c6 12. Ne5 Be6 13. Bf3 Re8 14. Re1 Rc8 15. a3 Nb6 16. b4 Bd5 17. Bxf6 Bxf6 18. Bg4 Rc7 19. b5 g6 20. Nxd5 Nxd5 21. bxc6 bxc6 22. Rc1 Bxe5 23. dxe5 Qg5 24. Bf3 Nf4 25. Qd6 Rce7 26. Rxc6 Nxh3+ 27. Kf1 Nf4 28. g3 Ne6 29. Rec1 Kg7 30. Rc8 Qf5 31. Rxe8 Rxe8 32. Rc3 Ng5 33. Qf6+ Qxf6 34. exf6+ Kxf6 35. Kg2 Re5 36. Rc6+ Re6 37. Rxe6+ Nxe6 38. Bb7 Ke5 39. Kf3 h5 40. Ke3 g5 41. Bf3 h4 42. gxh4 gxh4 43. Bh1 f5 44. Bb7 Nc5 45. f4+ Kf6 46. Bg2 Ne6 47. Bh3 Nc7 48. Bg2 Ke6 49. a4 Nd5+ 50. Kf3 a5 51. Bf1 Nc3 52. Bc4+ Kd6 53. Bb3 Ne4 54. Kg2 Nd2 55. Bc2 Ke6 56. Kh3 Nf3 57. Bd1 Nd4 58. Kxh4 1/2-1/2

[Event "CAN-ch University"]
[Site "London CAN"]
[Date "2017.01.14"]
[Round "3"]
[White "Qian, Owen"]
[Black "Dukic, Zachary"]
[Result "0-1"]
[WhiteElo "2177"]
[BlackElo "2078"]
[WhiteFideId "-1"]
[WhiteFideId "-1"]
[PlyCount "176"]
[GameId "2160767908478843"]
[EventDate "2017.01.14"]
[EventType "team"]
[EventRounds "5"]
[EventCountry "CAN"]
[SourceTitle "EXT 2022"]
[Source "ChessBase"]
[SourceDate "2021.10.06"]
[SourceVersion "1"]
[SourceVersionDate "2021.10.06"]
[SourceQuality "1"]

1. d4 Nf6 2. c4 e6 3. Nc3 Bb4 4. e3 c5 5. Bd3 d5 6. Nf3 O-O 7. O-O cxd4 8. exd4 dxc4 9. Bxc4 a6 10. Qe2 b5 11. Bb3 Bb7 12. Rd1 Nbd7 13. a4 bxa4 14. Rxa4 a5 15. Bg5 Qb6 16. Bc2 Rac8 17. Ne5 Bxc3 18. Nxd7 Nxd7 19. Qd3 f5 20. bxc3 Qc6 21. d5 Qxd5 22. Qg3 Qc6 23. Rxa5 Nf6 24. Re1 Qxc3 25. Qxc3 Rxc3 26. Ra7 Bd5 27. Bb1 Rcc8 28. Bxf6 Rxf6 29. Ba2 Rf7 30. Bxd5 exd5 31. Ra5 Rd7 32. Kf1 g6 33. Rd1 Rcd8 34. Rd4 Kf7 35. f4 Ke6 36. Ra6+ Rd6 37. Ra7 R8d7 38. Ra3 Rb6 39. Kf2 Kd6 40. Rd2 Rb4 41. g3 d4 42. Ra5 Rdb7 43. Rd3 Rb2+ 44. Kf3 R7b3 45. Rxb3 Rxb3+ 46. Ke2 Rc3 47. Kd2 Rc5 48. Ra7 h5 49. Rg7 Kd5 50. Rxg6 Kc4 51. Rh6 Ra5 52. Rc6+ Kd5 53. Rh6 Ra2+ 54. Kd3 Ra3+ 55. Kd2 Ra2+ 56. Kd3 Ra3+ 57. Kd2 h4 58. Rf6 Ra2+ 59. Kd3 Ra3+ 60. Kd2 hxg3 61. hxg3 Ra2+ 62. Kd3 Ra3+ 63. Kd2 Ke4 64. Re6+ Kf3 65. Re5 Kg4 66. Rd5 Rxg3 67. Rxd4 Rf3 68. Ke2 Kg3 69. Ra4 Rb3 70. Rc4 Rb2+ 71. Ke3 Rb8 72. Ra4 Re8+ 73. Kd3 Kf3 74. Kd2 Kf2 75. Kd3 Rd8+ 76. Kc3 Ke3 77. Rc4 Re8 78. Kc2 Re4 79. Rc3+ Kxf4 80. Kd2 Kg4 81. Ra3 f4 82. Ra8 Re7 83. Rg8+ Kf3 84. Rd8 Kf2 85. Rd4 f3 86. Rf4 Rd7+ 87. Kc3 Ke3 88. Rf8 Rc7+ 0-1

[Event "CAN-ch University"]
[Site "London CAN"]
[Date "2017.01.14"]
[Round "3"]
[White "Qin, Zi Yi (Joey)"]
[Black "Marinkovic, Mate"]
[Result "1-0"]
[WhiteElo "2481"]
[BlackElo "2277"]
[WhiteFideId "-1"]
[WhiteFideId "-1"]
[PlyCount "55"]
[GameId "2160767908478844"]
[EventDate "2017.01.14"]
[EventType "team"]
[EventRounds "5"]
[EventCountry "CAN"]

1. Nf3 c5 2. g3 Nc6 3. Bg2 e5 4. d3 d5 5. O-O Nge7 6. c4 h6 7. e3 Be6 8. b3 e4 9. dxe4 dxc4 10. Nfd2 cxb3 11. axb3 Nb4 12. Bb2 Nec6 13. Na3 a6 14. f4 f6 15. e5 fxe5 16. fxe5 Qg5 17. Qe2 O-O-O 18. Ne4 Qg4 19. Bf3 Qg6 20. Nc4 Kc7 21. Ncd6 Bxb3 22. Nxc5 Bd5 23. Bxd5 Nxd5 24. Ncxb7 Ra8 25. Rac1 Ndb4 26. Rf7+ Kb8 27. Qf3 Ra7 28. Rxf8+ 1-0

[Event "CAN-ch University"]
[Site "London CAN"]
[Date "2017.01.14"]
[Round "3"]
[White "Tomb, Maroun"]
[Black "Mai, Lloyd"]
[Result "0-1"]
[WhiteElo "2227"]
[BlackElo "2353"]
[WhiteFideId "-1"]
[WhiteFideId "-1"]
[PlyCount "98"]
[GameId "2160767908478845"]
[EventDate "2017.01.14"]
[EventType "team"]
[EventRounds "5"]
[EventCountry "CAN"]
[SourceTitle "EXT 2022"]
[Source "ChessBase"]
[SourceDate "2021.10.06"]
[SourceVersion "1"]
[SourceVersionDate "2021.10.06"]
[SourceQuality "1"]

1. e4 c5 2. Ne2 Nc6 3. g3 g6 4. c3 Bg7 5. Bg2 e5 6. O-O d6 7. Na3 Nge7 8. Rb1 Be6 9. b3 O-O 10. Bb2 d5 11. d4 cxd4 12. cxd4 dxe4 13. dxe5 Bf5 14. e6 fxe6 15. Bxg7 Kxg7 16. Qc1 Nd5 17. Nc3 Nd4 18. Qb2 Nxc3 19. Qxc3 Rc8 20. Qe3 Qd5 21. g4 Bxg4 22. Bxe4 Nf3+ 23. Qxf3 Bxf3 24. Bxd5 exd5 25. Rfe1 a6 26. Kf1 b5 27. Rb2 Be4 28. Nb1 Rf4 29. Nd2 Bd3+ 30. Kg2 Rg4+ 31. Kf3 h5 32. Re7+ Kh6 33. Ke3 Rc3 34. f3 Rh4 35. f4 Bf5+ 36. Kd4 Rd3+ 37. Ke5 Re3+ 38. Kf6 Rxe7 39. Kxe7 Rxf4 40. Kd6 d4 41. Ke5 g5 42. h4 Bg6 43. hxg5+ Kxg5 44. b4 h4 45. Nb3 d3 46. Nc5 Rf3 47. Rg2+ Rg3 48. Rf2 Re3+ 49. Kd4 Re2 0-1

[Event "CAN-ch University"]
[Site "London CAN"]
[Date "2017.01.14"]
[Round "3"]
[White "Yao, Houji"]
[Black "Nasir, Zehn"]
[Result "1/2-1/2"]
[WhiteElo "2203"]
[BlackElo "2096"]
[WhiteFideId "-1"]
[WhiteFideId "-1"]
[PlyCount "146"]
[GameId "2160767908478846"]
[EventDate "2017.01.14"]
[EventType "team"]
[EventRounds "5"]
[EventCountry "CAN"]
[SourceTitle "EXT 2022"]
[Source "ChessBase"]
[SourceDate "2021.10.06"]
[SourceVersion "1"]
[SourceVersionDate "2021.10.06"]
[SourceQuality "1"]

1. e4 c6 2. d4 d5 3. Nd2 dxe4 4. Nxe4 Bf5 5. Ng3 Bg6 6. N1e2 e6 7. Nf4 Bd6 8. c3 Nf6 9. Nxg6 hxg6 10. Qf3 Qc7 11. Bd3 Nbd7 12. Bg5 a6 13. O-O-O Qa5 14. Bxf6 Nxf6 15. Kb1 O-O-O 16. h3 Rd7 17. Rhe1 Rhd8 18. Ne4 Nxe4 19. Bxe4 Kb8 20. Bc2 Qd5 21. Qxd5 cxd5 22. a4 Be7 23. Bd3 Bf6 24. Kc2 Rc7 25. Kd2 Rd6 26. Rb1 Ka7 27. Re2 Rc8 28. Ke1 Rb8 29. Ra1 b6 30. Kf1 Rdd8 31. Kg1 Kb7 32. Kh2 Ra8 33. Kg3 Kc7 34. f4 Kb7 35. Kf3 Rac8 36. g3 Rh8 37. h4 Rcd8 38. Rae1 Rc8 39. Ra1 Rcd8 40. Ke3 Ka7 41. Rf2 Rb8 42. Be2 Kb7 43. Rff1 Ka7 44. Rh1 Rh6 45. Kf2 Kb7 46. Kg2 Rc8 47. Rh3 Rch8 48. Rah1 Ka7 49. Bf1 R6h7 50. Kf3 Rh6 51. Bg2 R6h7 52. Kf2 Rh6 53. Ke2 R6h7 54. Kd2 Rh6 55. Kd3 R6h7 56. Ke3 Rh6 57. Kf2 R6h7 58. Kg1 Rh6 59. R3h2 R6h7 60. Bf3 Rh6 61. Rd2 Rc8 62. Rdh2 Rch8 63. Rf2 R6h7 64. Rhh2 Rh6 65. Be2 R6h7 66. Bd3 Rh6 67. Rd2 Rc8 68. Rhe2 Rhh8 69. Kf2 Rhd8 70. Re1 Rh8 71. Ke3 Kb7 72. Ra1 Ka7 73. Re2 Rcd8 1/2-1/2

[Event "CAN-ch University"]
[Site "London CAN"]
[Date "2017.01.15"]
[Round "4"]
[White "Dunne, Francesco"]
[Black "Yao, Houji"]
[Result "1/2-1/2"]
[WhiteElo "2126"]
[BlackElo "2096"]
[WhiteFideId "-1"]
[WhiteFideId "-1"]
[PlyCount "58"]
[GameId "2160767908478848"]
[EventDate "2017.01.14"]
[EventType "team"]
[EventRounds "5"]
[EventCountry "CAN"]
[SourceTitle "EXT 2022"]
[Source "ChessBase"]
[SourceDate "2021.10.06"]
[SourceVersion "1"]
[SourceVersionDate "2021.10.06"]
[SourceQuality "1"]

1. e4 c5 2. Nf3 e6 3. d3 Nc6 4. c3 d5 5. Qe2 Nge7 6. g3 Ng6 7. h4 Be7 8. h5 Nge5 9. Nxe5 Nxe5 10. Bf4 Nc6 11. Bg2 a6 12. h6 g6 13. Nd2 O-O 14. Nf3 Re8 15. e5 b5 16. O-O Rb8 17. d4 b4 18. Qe3 Na5 19. Bg5 Nc4 20. Qc1 bxc3 21. bxc3 Bd7 22. Bxe7 Qxe7 23. Nd2 Bb5 24. Nb3 cxd4 25. cxd4 Na3 26. Rd1 Ba4 27. Rd3 Bb5 28. Rd1 Ba4 29. Rd3 Bb5 1/2-1/2

[Event "CAN-ch University"]
[Site "London CAN"]
[Date "2017.01.15"]
[Round "4"]
[White "Fu, James"]
[Black "Caen, Andy"]
[Result "1-0"]
[WhiteElo "2228"]
[BlackElo "2113"]
[WhiteFideId "-1"]
[WhiteFideId "-1"]
[PlyCount "99"]
[GameId "2160767908478849"]
[EventDate "2017.01.14"]
[EventType "team"]
[EventRounds "5"]
[EventCountry "CAN"]
[SourceTitle "EXT 2022"]
[Source "ChessBase"]
[SourceDate "2021.10.06"]
[SourceVersion "1"]
[SourceVersionDate "2021.10.06"]
[SourceQuality "1"]

1. e4 e6 2. Nc3 d5 3. d3 Nf6 4. e5 Nfd7 5. f4 c5 6. g3 Nc6 7. Bh3 h5 8. Nf3 h4 9. g4 b5 10. O-O b4 11. Ne2 Ba6 12. Be3 Qb6 13. Bf2 d4 14. Nd2 g5 15. fxg5 Ncxe5 16. Nf4 Bb7 17. Re1 Be7 18. Ne4 Bxe4 19. Rxe4 Bxg5 20. Qe2 Qd6 21. Bg2 O-O-O 22. Nh3 Rdg8 23. Re1 f6 24. c3 Be3 25. Bxe3 dxe3 26. d4 Nf7 27. Qxe3 e5 28. dxc5 Qe6 29. c6 Nb6 30. Qe2 Qxa2 31. Rxb4 Nd6 32. Rf1 Ne8 33. Qd3 Qa5 34. Rd1 Qc5+ 35. Kh1 Nc7 36. Qf3 Rh6 37. Nf2 h3 38. Bxh3 Rgh8 39. g5+ Rxh3 40. Nxh3 fxg5 41. Qf5+ Kb8 42. Qf6 Rc8 43. Rd8 Nb5 44. Nxg5 a5 45. Rxc8+ Nxc8 46. Ne4 Qd5 47. Qg7 Ncd6 48. Rxb5+ Qxb5 49. c7+ Ka8 50. Nxd6 1-0

[Event "CAN-ch University"]
[Site "London CAN"]
[Date "2017.01.15"]
[Round "4"]
[White "Itkin, David"]
[Black "Qin, Zi Yi (Joey)"]
[Result "1/2-1/2"]
[WhiteElo "2276"]
[BlackElo "2481"]
[WhiteFideId "-1"]
[WhiteFideId "-1"]
[PlyCount "149"]
[GameId "2160767908478850"]
[EventDate "2017.01.14"]
[EventType "team"]
[EventRounds "5"]
[EventCountry "CAN"]

1. e4 c5 2. Nf3 d6 3. d4 cxd4 4. Nxd4 Nf6 5. f3 e5 6. Nb3 Be6 7. c4 a5 8. Be3 a4 9. Nc1 Nc6 10. Be2 Be7 11. O-O O-O 12. Qd2 Nd7 13. Nc3 Qa5 14. Rb1 Rfc8 15. b4 axb3 16. Nxb3 Qa3 17. Rfd1 h6 18. Bf1 Nb4 19. Nb5 Qa4 20. Nc1 Nc6 21. Nxd6 Bxd6 22. Qxd6 Nf8 23. Nd3 Rd8 24. Qc7 Rd7 25. Qb6 Qxa2 26. Nc5 Rxd1 27. Rxd1 Bxc4 28. Nxb7 Bxf1 29. Rxf1 Ra6 30. Qb5 Nd4 31. Qxe5 Rg6 32. g3 Ne2+ 33. Kh1 Qb3 34. Bc5 Qxb7 35. Qe8 Qa6 36. Qxf8+ Kh7 37. Re1 Qc4 38. Bf2 Re6 39. Qc5 Qa2 40. Qe3 Nc3 41. e5 Rc6 42. Qd3+ g6 43. Bd4 Nd5 44. Ra1 Qc4 45. Qxc4 Rxc4 46. Bf2 g5 47. Ra5 Nc7 48. Rc5 Rxc5 49. Bxc5 h5 50. Kg2 Kg6 51. Bd6 Ne6 52. Kf2 Kf5 53. Ke3 Nd8 54. Kd4 Ne6+ 55. Kd5 g4 56. f4 Ng7 57. Be7 Ne6 58. Bf6 Nf8 59. Kd6 Ne6 60. Ke7 Kg6 61. f5+ Kxf5 62. Kxf7 Nd4 63. Be7 Ne6 64. Bd6 Nd4 65. Bb4 Nf3 66. Bc3 Ng5+ 67. Kg7 Nf3 68. Kf7 Ng5+ 69. Kg7 Nf3 70. Kf7 Ng5+ 71. Ke7 Nf3 72. Kd6 Ng5 73. Bb2 Ne6 74. Bc1 Nd4 75. Kd5 1/2-1/2

[Event "CAN-ch University"]
[Site "London CAN"]
[Date "2017.01.15"]
[Round "4"]
[White "Kleinman, Michael"]
[Black "Marinkovic, Mate"]
[Result "1/2-1/2"]
[WhiteElo "2353"]
[BlackElo "2269"]
[WhiteFideId "-1"]
[WhiteFideId "-1"]
[PlyCount "86"]
[GameId "2160767908478851"]
[EventDate "2017.01.14"]
[EventType "team"]
[EventRounds "5"]
[EventCountry "CAN"]
[SourceTitle "EXT 2022"]
[Source "ChessBase"]
[SourceDate "2021.10.06"]
[SourceVersion "1"]
[SourceVersionDate "2021.10.06"]
[SourceQuality "1"]

1. e4 c5 2. Nf3 e6 3. b3 Nc6 4. Bb2 d6 5. d4 cxd4 6. Nxd4 Nf6 7. Nc3 a6 8. Nxc6 bxc6 9. Bd3 d5 10. e5 Nd7 11. Na4 Bb4+ 12. Kf1 f5 13. h4 O-O 14. Qe2 Be7 15. Rh3 Qc7 16. c4 Nb6 17. Nxb6 Qxb6 18. h5 d4 19. Bc1 c5 20. Bf4 Bb7 21. Qd2 Rf7 22. Re1 a5 23. a4 Bf8 24. Bc2 Qc6 25. Rh2 Rd7 26. Qd3 Qb6 27. Bg5 Rf7 28. Rh3 Be7 29. Bf4 Qd8 30. Qd2 Bc6 31. Bd1 Be4 32. f3 Bc6 33. Bc2 Be8 34. Ke2 Rb8 35. Rg1 Bc6 36. Rgh1 Rb7 37. Rg3 Bh4 38. Rgh3 Be7 39. Rg1 Rd7 40. Bd3 Rb7 41. Bc2 Rd7 42. Bd3 Rb7 43. Bc2 Rd7 1/2-1/2

[Event "CAN-ch University"]
[Site "London CAN"]
[Date "2017.01.15"]
[Round "4"]
[White "Leu, Richard"]
[Black "Qian, Owen"]
[Result "1-0"]
[WhiteElo "2083"]
[BlackElo "2181"]
[WhiteFideId "-1"]
[WhiteFideId "-1"]
[PlyCount "61"]
[GameId "2160767908478852"]
[EventDate "2017.01.14"]
[EventType "team"]
[EventRounds "5"]
[EventCountry "CAN"]
[SourceTitle "EXT 2022"]
[Source "ChessBase"]
[SourceDate "2021.10.06"]
[SourceVersion "1"]
[SourceVersionDate "2021.10.06"]
[SourceQuality "1"]

1. d4 Nf6 2. c4 e6 3. Nc3 Bb4 4. Qc2 O-O 5. a3 Bxc3+ 6. Qxc3 d5 7. f3 c5 8. cxd5 cxd4 9. Qxd4 Nc6 10. Qd1 exd5 11. e3 d4 12. e4 Nxe4 13. fxe4 Qh4+ 14. Kd2 Qf4+ 15. Ke2 Qxe4+ 16. Kf2 Bf5 17. Nf3 Rfe8 18. Bb5 Bg4 19. Bd3 Qd5 20. h3 Bh5 21. g4 Bg6 22. Bf4 Re3 23. Bxg6 fxg6 24. Bxe3 dxe3+ 25. Kg3 Qe4 26. Re1 Kh8 27. Qe2 Re8 28. Rac1 h5 29. Rc3 h4+ 30. Nxh4 g5 31. Nf3 1-0

[Event "CAN-ch University"]
[Site "London CAN"]
[Date "2017.01.15"]
[Round "4"]
[White "Lin, Tony (Juntao)"]
[Black "Gibson, Kevin"]
[Result "1-0"]
[WhiteElo "2255"]
[BlackElo "2189"]
[WhiteFideId "-1"]
[WhiteFideId "-1"]
[PlyCount "123"]
[GameId "2160767908478853"]
[EventDate "2017.01.14"]
[EventType "team"]
[EventRounds "5"]
[EventCountry "CAN"]

1. d4 Nf6 2. c4 g6 3. Nc3 Bg7 4. e4 d6 5. f3 O-O 6. Be3 e5 7. Nge2 exd4 8. Nxd4 Nc6 9. Qd2 Nxd4 10. Bxd4 Be6 11. Be2 c6 12. O-O Qe7 13. Rad1 Rfd8 14. Rfe1 Qf8 15. b3 Ne8 16. Bf1 Bxd4+ 17. Qxd4 Qg7 18. Qxg7+ Kxg7 19. Rd2 Kf8 20. g4 f6 21. h3 Rd7 22. Red1 Rad8 23. f4 Nc7 24. Ne2 f5 25. exf5 gxf5 26. Nd4 fxg4 27. f5 Bf7 28. hxg4 d5 29. c5 h6 30. Bd3 Ne8 31. Rf2 Nf6 32. Ne6+ Kg8 33. Nxd8 Rxd8 34. Rg2 Nh7 35. Kf2 Kg7 36. Rh1 d4 37. Bc4 Bxc4 38. bxc4 Ng5 39. Re1 d3 40. Kg3 d2 41. Rd1 Rd3+ 42. Kf2 Ne4+ 43. Ke2 Ra3 44. Kf1 Rxa2 45. Kg1 Rc2 46. Re2 Rxc4 47. Kg2 Rc1 48. Rexd2 Nxd2 49. Rxc1 Nb3 50. Rc3 Na5 51. Rd3 Kf6 52. Kf3 b6 53. Rd6+ Ke5 54. Re6+ Kd5 55. cxb6 axb6 56. Rxh6 Nc4 57. g5 Ne5+ 58. Ke2 Nf7 59. Rg6 Ke5 60. Rg7 Nd6 61. f6 Ke6 62. Re7+ 1-0

[Event "CAN-ch University"]
[Site "London CAN"]
[Date "2017.01.15"]
[Round "4"]
[White "Mai, Lloyd"]
[Black "Gladstone, Simon"]
[Result "1-0"]
[WhiteElo "2353"]
[BlackElo "2168"]
[WhiteFideId "-1"]
[WhiteFideId "-1"]
[PlyCount "77"]
[GameId "2160767908478855"]
[EventDate "2017.01.14"]
[EventType "team"]
[EventRounds "5"]
[EventCountry "CAN"]
[SourceTitle "EXT 2022"]
[Source "ChessBase"]
[SourceDate "2021.10.06"]
[SourceVersion "1"]
[SourceVersionDate "2021.10.06"]
[SourceQuality "1"]

1. e4 e6 2. d3 d5 3. Nd2 c5 4. g3 Bd6 5. Bg2 Ne7 6. f4 f6 7. exd5 exd5 8. Bxd5 Bxf4 9. Bb3 Be5 10. Nc4 Nbc6 11. Be3 b6 12. Qf3 Bb7 13. Nxe5 fxe5 14. Qf7+ Kd7 15. Nf3 Rf8 16. Qe6+ Kc7 17. Nxe5 Rf6 18. Nxc6 Nxc6 19. Qg4 Ne5 20. Qxg7+ Kc8 21. O-O-O Bxh1 22. Rxh1 c4 23. Bxc4 Nxc4 24. Bg5 Qd5 25. Re1 Rf7 26. Qh6 Nd6 27. Bf4 Rd7 28. c4 Qxd3 29. Rd1 Qxc4+ 30. Kb1 Qe4+ 31. Ka1 Ne8 32. Qh3 Nf6 33. Bg5 Nd5 34. Rc1+ Nc7 35. Bf4 Kd8 36. Qh4+ Kc8 37. Qg4 Kd8 38. Bxc7+ Rxc7 39. Rd1+ 1-0

[Event "CAN-ch University"]
[Site "London CAN"]
[Date "2017.01.15"]
[Round "4"]
[White "Marin, Sam"]
[Black "Tomb, Maroun"]
[Result "1-0"]
[WhiteElo "2155"]
[BlackElo "2223"]
[WhiteFideId "-1"]
[WhiteFideId "-1"]
[PlyCount "107"]
[GameId "2160767908478856"]
[EventDate "2017.01.14"]
[EventType "team"]
[EventRounds "5"]
[EventCountry "CAN"]
[SourceTitle "EXT 2022"]
[Source "ChessBase"]
[SourceDate "2021.10.06"]
[SourceVersion "1"]
[SourceVersionDate "2021.10.06"]
[SourceQuality "1"]

1. Nf3 Nf6 2. c4 d6 3. Nc3 Nbd7 4. d4 e5 5. e4 Be7 6. Be2 O-O 7. O-O c6 8. d5 Nc5 9. Nd2 a5 10. f3 Nh5 11. Nb3 Nxb3 12. Qxb3 c5 13. g3 g6 14. Bh6 Ng7 15. Na4 Bh3 16. Rf2 Rb8 17. Bf1 Bd7 18. Nb6 Be8 19. Bd2 Bg5 20. Bxg5 Qxg5 21. Qc3 a4 22. b4 axb3 23. axb3 f5 24. Qc1 Qd8 25. Na4 Bxa4 26. bxa4 fxe4 27. fxe4 Rxf2 28. Kxf2 Qa5 29. Bh3 Qb4 30. Bd7 Nh5 31. Rb1 Qa5 32. Qb2 Nf6 33. Be6+ Kh8 34. Qc2 b6 35. Rb5 Qc3 36. Qxc3 Nxe4+ 37. Ke3 Nxc3 38. Rb3 Na2 39. a5 Nb4 40. axb6 Kg7 41. Ke4 Rxb6 42. Ra3 Ra6 43. Rf3 Ra7 44. g4 g5 45. h4 gxh4 46. Rh3 Ra1 47. Rxh4 Re1+ 48. Kf5 Rf1+ 49. Kg5 Rf6 50. Rxh7+ Kxh7 51. Kxf6 Na6 52. g5 Nc7 53. g6+ Kh6 54. Bf7 1-0

[Event "CAN-ch University"]
[Site "London CAN"]
[Date "2017.01.15"]
[Round "4"]
[White "Song, Guangyu"]
[Black "Knox, Christopher"]
[Result "0-1"]
[WhiteElo "1900"]
[BlackElo "2312"]
[WhiteFideId "-1"]
[WhiteFideId "-1"]
[PlyCount "80"]
[GameId "2160767908478858"]
[EventDate "2017.01.14"]
[EventType "team"]
[EventRounds "5"]
[EventCountry "CAN"]

1. d4 Nf6 2. c4 e6 3. Nf3 b6 4. e3 Bb7 5. Bd3 d5 6. O-O dxc4 7. Bxc4 Bd6 8. Nc3 a6 9. Re1 Nbd7 10. Ng5 h6 11. Nf3 O-O 12. e4 b5 13. Bb3 e5 14. d5 Nb6 15. a4 b4 16. a5 Nc8 17. Na4 c5 18. dxc6 Bxc6 19. Qc2 Qc7 20. Nc5 Ne7 21. Bd2 Rfc8 22. Bxb4 Bxe4 23. Nxe4 Qxc2 24. Nxf6+ gxf6 25. Bxc2 Bxb4 26. Re2 Rc5 27. Be4 Rac8 28. h3 Rc1+ 29. Rxc1 Rxc1+ 30. Kh2 Bxa5 31. Bb7 Bc7 32. g3 a5 33. Ne1 Rd1 34. Nc2 Bb6 35. Na3 Nf5 36. Nc2 Rb1 37. Na3 Rc1 38. Nc2 Bd4 39. Be4 Nd6 40. Nxd4 exd4 0-1

[Event "CAN-ch University"]
[Site "London CAN"]
[Date "2017.01.15"]
[Round "4"]
[White "Sprumont, Oscar"]
[Black "Dukic, Zachary"]
[Result "1-0"]
[WhiteElo "2203"]
[BlackElo "2078"]
[WhiteFideId "-1"]
[WhiteFideId "-1"]
[PlyCount "79"]
[GameId "2160767908478859"]
[EventDate "2017.01.14"]
[EventType "team"]
[EventRounds "5"]
[EventCountry "CAN"]
[SourceTitle "EXT 2022"]
[Source "ChessBase"]
[SourceDate "2021.10.06"]
[SourceVersion "1"]
[SourceVersionDate "2021.10.06"]
[SourceQuality "1"]

1. Nf3 Nf6 2. c4 g6 3. g3 Bg7 4. Bg2 O-O 5. O-O d6 6. d4 a6 7. Nc3 Nc6 8. e4 e5 9. h3 exd4 10. Nxd4 Nxe4 11. Nxc6 Nxc3 12. Nxd8 Nxd1 13. Nxb7 Bxb7 14. Rxd1 Bxg2 15. Kxg2 Rab8 16. Rb1 a5 17. b3 a4 18. b4 Rfe8 19. Be3 Re4 20. c5 Bf8 21. cxd6 Bxd6 22. a3 f5 23. Rbc1 Rbe8 24. Rd3 Kf7 25. Rc6 Ra8 26. Bf4 Bxf4 27. gxf4 Re7 28. Kf3 Ra7 29. Rc5 Ke8 30. Re3 Kf7 31. Ke2 Rd7 32. Rd3 Rxd3 33. Kxd3 Ke6 34. Kc4 Kd7 35. Ra5 Rxa5 36. bxa5 Kc6 37. Kb4 Kb7 38. Kxa4 Ka6 39. Kb4 Ka7 40. Kb5 1-0

[Event "CAN-ch University"]
[Site "London CAN"]
[Date "2017.01.15"]
[Round "5"]
[White "Dukic, Zachary"]
[Black "Ye, Stephen"]
[Result "1-0"]
[WhiteElo "2078"]
[BlackElo "2100"]
[WhiteFideId "-1"]
[WhiteFideId "-1"]
[PlyCount "87"]
[GameId "2160767908478860"]
[EventDate "2017.01.14"]
[EventType "team"]
[EventRounds "5"]
[EventCountry "CAN"]
[SourceTitle "EXT 2022"]
[Source "ChessBase"]
[SourceDate "2021.10.06"]
[SourceVersion "1"]
[SourceVersionDate "2021.10.06"]
[SourceQuality "1"]

1. e4 c5 2. c3 Nf6 3. e5 Nd5 4. d4 cxd4 5. Nf3 Nc6 6. cxd4 d6 7. Bc4 Nb6 8. Bb5 d5 9. h3 Bf5 10. Nh4 Bg6 11. Nxg6 hxg6 12. e6 Qd6 13. exf7+ Kxf7 14. O-O Qf6 15. Bxc6 bxc6 16. Be3 e6 17. Nd2 Bd6 18. Rc1 Rac8 19. Nf3 Rhe8 20. Bg5 Qf5 21. g4 Qe4 22. Re1 Qxe1+ 23. Qxe1 Nd7 24. Qa5 Rc7 25. Bh4 e5 26. Bg3 Kg8 27. dxe5 Nxe5 28. Nxe5 Rb7 29. Rxc6 Bxe5 30. Qxd5+ Kh7 31. Bxe5 Rbe7 32. f4 Kh6 33. Qd6 Re6 34. Qxe6 Rxe6 35. Rxe6 Kh7 36. Re7 Kg8 37. Rxg7+ Kf8 38. Rxa7 g5 39. fxg5 Kg8 40. g6 Kf8 41. g7+ Kg8 42. Ra8+ Kf7 43. g8=Q+ Ke7 44. Qe8# 1-0

[Event "CAN-ch University"]
[Site "London CAN"]
[Date "2017.01.15"]
[Round "5"]
[White "Gibson, Kevin"]
[Black "Gladstone, Simon"]
[Result "1/2-1/2"]
[WhiteElo "2189"]
[BlackElo "2168"]
[WhiteFideId "-1"]
[WhiteFideId "-1"]
[PlyCount "85"]
[GameId "2160767908478861"]
[EventDate "2017.01.14"]
[EventType "team"]
[EventRounds "5"]
[EventCountry "CAN"]
[SourceTitle "EXT 2022"]
[Source "ChessBase"]
[SourceDate "2021.10.06"]
[SourceVersion "1"]
[SourceVersionDate "2021.10.06"]
[SourceQuality "1"]

1. d4 e6 2. c4 Nf6 3. g3 Bb4+ 4. Nd2 O-O 5. Bg2 d5 6. Ngf3 b6 7. O-O Bb7 8. Ne5 Nbd7 9. f4 Ne4 10. Nxe4 dxe4 11. e3 f6 12. Nxd7 Qxd7 13. Qc2 f5 14. a3 Be7 15. b4 c5 16. dxc5 bxc5 17. Rd1 Qc7 18. b5 e5 19. Bb2 exf4 20. gxf4 Bf6 21. Bxf6 Rxf6 22. Qd2 h6 23. Qd7 Rf7 24. Qxc7 Rxc7 25. Rd6 Kf7 26. Bh3 g6 27. Rad1 Re7 28. Kf2 Re6 29. Rd7+ Re7 30. R1d6 Rg8 31. a4 Rge8 32. a5 Rxd7 33. Rxd7+ Re7 34. Rxe7+ Kxe7 35. Bf1 Kd6 36. h4 h5 37. Ke1 Kc7 38. Kd2 Bc8 39. Kc3 Kb7 40. Be2 Be6 41. Bd1 Bf7 42. Ba4 Be8 43. Bd1 1/2-1/2

[Event "CAN-ch University"]
[Site "London CAN"]
[Date "2017.01.15"]
[Round "5"]
[White "Kleinman, Michael"]
[Black "Lo, Ryan"]
[Result "1-0"]
[WhiteElo "2353"]
[BlackElo "2148"]
[WhiteFideId "-1"]
[WhiteFideId "-1"]
[PlyCount "65"]
[GameId "2160767908478863"]
[EventDate "2017.01.14"]
[EventType "team"]
[EventRounds "5"]
[EventCountry "CAN"]
[SourceTitle "EXT 2022"]
[Source "ChessBase"]
[SourceDate "2021.10.06"]
[SourceVersion "1"]
[SourceVersionDate "2021.10.06"]
[SourceQuality "1"]

1. e4 c5 2. Nf3 e6 3. d4 cxd4 4. Nxd4 a6 5. c4 Nf6 6. Nc3 Bb4 7. Qd3 Bxc3+ 8. bxc3 O-O 9. Ba3 d5 10. e5 Ne4 11. cxd5 exd5 12. Bxf8 Kxf8 13. Be2 Qa5 14. O-O Nd7 15. f4 Nxc3 16. Bf3 Ne4 17. Rfc1 Ndc5 18. Qe3 Bd7 19. Nb3 Nxb3 20. axb3 Qb4 21. Bxe4 dxe4 22. Rc4 Qb5 23. Rxe4 Rc8 24. Rc4 Rxc4 25. bxc4 Qxc4 26. Rd1 Ke8 27. Qa7 Qc8 28. Qd4 Qc6 29. f5 Qc8 30. e6 fxe6 31. Qxg7 exf5 32. Re1+ Kd8 33. Qe7+ 1-0

[Event "CAN-ch University"]
[Site "London CAN"]
[Date "2017.01.15"]
[Round "5"]
[White "Knox, Christopher"]
[Black "Qian, Owen"]
[Result "1-0"]
[WhiteElo "2312"]
[BlackElo "2177"]
[WhiteFideId "-1"]
[WhiteFideId "-1"]
[PlyCount "49"]
[GameId "2160767908478864"]
[EventDate "2017.01.14"]
[EventType "team"]
[EventRounds "5"]
[EventCountry "CAN"]
[SourceTitle "EXT 2022"]
[Source "ChessBase"]
[SourceDate "2021.10.06"]
[SourceVersion "1"]
[SourceVersionDate "2021.10.06"]
[SourceQuality "1"]

1. d4 Nf6 2. c4 e6 3. Nc3 Bb4 4. e3 O-O 5. Bd3 d5 6. cxd5 exd5 7. Nge2 c6 8. O-O Re8 9. f3 Nbd7 10. Qe1 Nf8 11. Qf2 Re7 12. Bd2 Ng6 13. Kh1 Be6 14. g4 Qe8 15. Rg1 c5 16. a3 cxd4 17. exd4 Bd6 18. g5 Nh5 19. f4 Nf8 20. f5 Bd7 21. Qh4 g6 22. f6 Re6 23. Ng3 Nxg3+ 24. hxg3 Bc6 25. Qh6 1-0